Die häufigsten Gemeindenamen in Deutschland - Statistiken

Allgemein
  • Dieses Quiz wurde 131 mal gespielt
  • Das Durchschnittsergebnis liegt bei 6 aus 47
Antwortstatistiken
Anzahl Anf.-End. Gemeindename % Korrekt
19 N-t Neustadt
86%
8 B-g Berg
55%
6 B-g Burg
49%
5 W-d Wald
34%
5 N-g Neuburg
28%
5 N-s Neuhaus
27%
12 N-n Neuenkirchen
25%
10 N-n Neunkirchen
25%
5 N-n Neuhausen
21%
7 S-n Stein
20%
7 B-n Bergen
19%
11 H-n Hausen
19%
11 N-n Neukirchen
19%
7 R-h Roth
19%
5 A-f Altdorf
18%
8 O-n Oberhausen
17%
7 Z-l Zell
16%
7 K-g Kirchberg
12%
7 K-f Kirchdorf
11%
6 N-f Neuendorf
11%
6 B-h Buch
10%
8 K-m Kirchheim
10%
6 M-n Mühlhausen
8%
7 S-h Steinbach
8%
7 S-g Schönberg
6%
6 R-h Rohrbach
5%
5 W-r Weiler
5%
10 B-z Buchholz
4%
6 L-n Linden
4%
5 N-f Niendorf
4%
9 R-h Reichenbach
4%
7 S-u Schönau
4%
5 A-f Allendorf
3%
5 G-n Gemünden
3%
5 L-u Lichtenau
3%
5 O-f Oldendorf
3%
6 T-h Tiefenbach
3%
5 W-h Wörth
3%
6 F-t Forst
1%
5 K-d Königsfeld
1%
9 S-h Sulzbach
1%
5 E-h Erlenbach
0%
5 F-n Falkenstein
0%
5 H-m Holzheim
0%
5 L-h Limbach
0%
5 S-n Schönborn
0%
5 S-d Steinfeld
0%
Keine übereinstimmenden Quizze gefunden
Verteilung der Resultate
Anzahl Personen mit jedem Resultat
Perzentil nach korrekt beantworteten Fragen
Ihre Resultats-Entwicklung
Sie haben dieses Quiz noch nicht gespielt